000 00730na a2200253 4500
001 18317
003 MIRAKIL
005 20181213154729.0
008 161116b tu 000 0
020 _a9755124554
040 _aMilas
_btur
_cTR-AnCHP
041 _atur
082 _a351.009
_bA86 2000
090 _a351.009 A86 2000
245 _aAvrupa Birliği'ne tam üyelik sürecinde Türkiye'de yönetimin yeniden yapılanması
_cTOBB
260 _aAnkara
_bTOBB
_c2000
300 _a159 s.
_btbl.; çizim
_c28 sm.
440 _aTOBB
_v358
490 _aBÖM
_v59
650 _aMerkezi yönetim
_xYeniden yapılanma
650 _aAvrupa Birliği
_xÜyelik
710 _aTürkiye Odalar ve Borsalar Birliği
942 _2dcc
_cBKS
999 _c7
_d7